2004 EU enlargement lessons learned: transitional periods

Uložené v:
Podrobná bibliografia
Hlavný autor: Báráňová-Čiderová, Denisa, 1977-
Médium: Kapitola
Jazyk:English
Tagy: Pridať tag
Žiadne tagy, Buďte prvý, kto otaguje tento záznam!

MARC

LEADER 00000naa$a2200000$$$4500
001 0085404
005 20240502071954.8
041 0 |a eng 
044 |a SK 
245 1 0 |a 2004 EU enlargement lessons learned: transitional periods  |c Denisa Báráňová-Čiderová 
100 1 |a Báráňová-Čiderová, Denisa, 1977-